00427nam a22001217a 4500020001600000082001300016100001800029245015300047260003400200300002700234650002200261700002200283 qHard Cover. a570.2AGH aMehrosh Agha. aIntegrated molecular modelling and machine learning strategies for the design of potential therapeutic agents against Neuroblastoma /cAgha, Mehrosh aIslamabad:bRCMS-NUST,c2021. a83 p. :bill. ;c30cm. aMS-Bioinformatic. aDr. Ishrat Jabeen